Prijomniki izlučenije optičeskich i optiko-elektronnych priborov /

Saved in:
Bibliographic Details
Main Author: Išanim, G.G (Author)
Format: Book
Language:Russian
Published: Leningrad : Mašinostrojenije, 1986
Edition:1.vyd.
Tags: Add Tag
No Tags, Be the first to tag this record!

MARC

LEADER 00000nam a22000003a 4500
001 stu7647
005 20150617225807.5
008 950331s1986----xxr-----------------rus-d
040 |a STU  |b slo 
041 0 |a rus 
044 |a xxr 
080 |a 621.282.8 
100 1 |a Išanim, G.G  |4 aut 
245 1 |a Prijomniki izlučenije optičeskich i optiko-elektronnych priborov /  |c [aut.] Išanim,G.G 
250 |a 1.vyd. 
260 |a Leningrad :  |b Mašinostrojenije,  |c 1986 
300 |a 173 s 
996 |b E62241  |c E*62241  |l EE10  |s P  |a 0  |w stu7647_0001